000 01125nam a22002777a 4500
003 OSt
005 20210430122140.0
007 ta
008 210302b 2020 dr a b 00| 0 eng d
020 _a9789945095494
040 _aDO-SdBNP
_bspa
_cBNPHU
082 4 _a333.72
_bL864g
_222
100 1 _aLópez Belando, Adolfo José
_974644
245 1 0 _aGuía ecoturística del sistema nacional de áreas protegidas :
_bRepública Dominicana /
_cAdolfo José López Belando y José Manuel Mateo Feliz ; fotografía: Adolfo López ... [et al.]
260 _aSanto Domingo :
_bAcademia de Ciencias de la República Dominicana,
_c2020.
300 _a332 p. :
_bil., mapas ;
_c28 cm.
500 _aIncluye datos biográficos de los autores en las solapas
504 _aBibliografía : p. 327-332
590 _aInventariado, 2021 /LP
590 _aLa biblioteca posee 1 ejemplar autografiado por el autor.
700 1 _aMateo Feliz, José Manuel
_937548
700 1 _aLópez, Adolfo,
_efotografías
_977983
700 1 _aMateo, José Manuel,
_efotografías
_977984
910 _aValidado. Control de calidad MFF
942 _2ddc
_cLBS1
999 _c49481
_d49481